Online
Catalog

Vida de Santo Domingo de Silos / (Record no. 27150)

MARC details
000 -CABECERA
campo de control de longitud fija 00679nam a2200193 a 4500
001 - NÚMERO DE CONTROL
campo de control 000027658
005 - FECHA Y HORA DE LA ÚLTIMA TRANSACCIÓN
campo de control 20200930031009.0
008 - DATOS DE LONGITUD FIJA--INFORMACIÓN GENERAL
campo de control de longitud fija 110404s1968 es 000 0 spa d
040 ## - FUENTE DE LA CATALOGACIÓN
Centro catalogador/agencia de origen DO-SdBNP
100 1# - ENTRADA PRINCIPAL--NOMBRE DE PERSONA
Nombre de persona Berceo, Gonzalo de
Fechas asociadas al nombre 1198?-1264?]
9 (RLIN) 54744
245 10 - MENCIÓN DE TÍTULO
Título Vida de Santo Domingo de Silos /
Mención de responsabilidad, etc. Gonzalo de Berceo ; edición, introducción y notas de Germán Orduna.
260 ## - PUBLICACIÓN, DISTRIBUCIÓN, ETC.
Lugar de publicación, distribución, etc. Madrid :
Nombre del editor, distribuidor, etc. Ediciones Anaya,
Fecha de publicación, distribución, etc. 1968.
300 ## - DESCRIPCIÓN FÍSICA
Extensión 205 p. ;
Dimensiones 18 cm.
490 1# - MENCIÓN DE SERIE
Mención de serie Biblioteca anaya
Designación de volumen o secuencia 86
500 ## - NOTA GENERAL
Nota general Incluye índice
500 ## - NOTA GENERAL
Nota general Incluye referencias bibliográficas y notas al pie de las páginas
700 1# - PUNTO DE ACCESO ADICIONAL--NOMBRE DE PERSONA
Nombre de persona Orduna, Germán
9 (RLIN) 54745
830 10 - PUNTO DE ACCESO ADICIONAL DE SERIE-TÍTULO UNIFORME
Título uniforme Biblioteca anaya
Número de parte o sección de la obra 86
9 (RLIN) 54746
Holdings
Estado de retiro Estado de pérdida Restricciones de uso No para préstamo Código de colección Localización permanente Ubicación/localización actual Ubicación en estantería Fecha de adquisición Número de inventario Total de préstamos Signatura topográfica completa Código de barras Fecha visto por última vez Precio válido a partir de Tipo de ítem Koha
      Excluido de préstamo Monografías: Libros y Folletos Patrimonio Dominicano Patrimonio Dominicano En catalogación 04.04.2011 LF1   27658-10 25.06.2020 25.06.2020 No se presta

Powered by Koha